Landeskunde der Provinz Pommern
| Titel: | Landeskunde der Provinz Pommern / von W. Deecke |
|---|---|
| Verfasser: | |
| Ausgabe: | [Nachdruck] der Original-Ausgabe Leipzig, Göschen, 1912 |
| Veröffentlicht: | Wolfenbüttel : Melchior, Historischer Verlag, 2014 |
| Umfang: | 176 Seiten : Illustrationen, Karten ; 22 cm + 3 Karten-Beilagen ([6] Seiten) |
| Format: | Buch |
| Sprache: | Deutsch |
| Schriftenreihe/ mehrbändiges Werk: |
Geographische Bibliothek |
| ISBN: | 9783944289656 |
| Hinweise zum Inhalt: |
Inhaltsverzeichnis
Inhaltstext |
alg: 34480835 001A $06000:14-08-14 001B $01999:24-06-24 $t12:47:45.000 001D $00030:08-09-14 001U $0utf8 001X $00 002@ $0Aau 002C $aText $btxt $2rdacontent 002D $aohne Hilfsmittel zu benutzen $bn $2rdamedia 002E $aBand $bnc $2rdacarrier 003@ $0344808351 003O $0887872208 $aOCoLC 004A $A978-3-944289-65-6 $fPp. : EUR 19.95 (DE), EUR 20.60 (AT), sfr 28.50 (freier Pr.) 004K $09783944289656 006G $01054672768 006H $0TOCNEUA1433 $2DNB 006U $014,A33 $f20140805 007A $01054672768 $aDNB 009P $qapplication/pdf $A2 $3Inhaltsverzeichnis $uhttp://d-nb.info/1054672768/04 $mB:DE-101 009P $qtext/html $A2 $3Inhaltstext $uhttp://deposit.dnb.de/cgi-bin/dokserv?id=4738713&prov=M&dok_var=1&dok_ext=htm $mX:MVB 010@ $ager 011@ $a2014 017A $asf 021A $aLandeskunde der Provinz Pommern $hvon W. Deecke 028A $BVerfasser $#Deecke, W. $#Deecke, Johannes Ernst Wilhelm $#Deecke, Ernst Geo. Wilhelm $#Deeke, W. $#Deecke, W. $4aut $7116050519 $8Deecke, Wilhelm$Z1862-1934 [Tp1] $9150064071 032@ $a[Nachdruck] der Original-Ausgabe Leipzig, Göschen, 1912 033A $pWolfenbüttel $nMelchior, Historischer Verlag 034D $a176 Seiten 034I $a22 cm 034K $a3 Karten-Beilagen ([6] Seiten) 034M $aIllustrationen, Karten 036G $aGeographische Bibliothek 044K $qDNB $RMecklenburg-Vorpommern $#Pommern $#Pommern $#Herzogtum Pommern $#Herzogthum Pommern $#Provinz Pommern $#Pomorze $74046744-2 $8Pommern [Tg1] $9085130354 045E $c940 045F $a943.816033 $eDDC22ger 045F/01 $a943.8033 045F/03 $g43816 045R $aGeschichte 1912 lok: 34480835 3 101B $008-09-14 $t14:09:38.000 101C $008-09-14 101U $0utf8 145S/01 $a039 exp: 34480835 3 1 #EPN 201B/01 $008-09-14 $t14:09:38.000 201C/01 $020-08-14 201U/01 $0utf8 203@/01 $0739068733 208@/01 $a08-09-14 $bzAa 209A/01 $a90.348.46 $du $f000 $h90 348 46 $x00 209G/01 $a90348469 $x00 247C/01 $8601000-3 <30>Frankfurt, Universitätsbibliothek J. C. Senckenberg, Zentralbibliothek (ZB) $9102598258 lok: 34480835 78 exp: 34480835 78 1 #EPN 201B/01 $015-07-19 $t11:27:44.000 201C/01 $015-07-19 201U/01 $0utf8 203@/01 $01055519718 208@/01 $a15-07-19 $be 209A/01 $a/ $f000 $x00 209A/01 $ab*p $x01 220C/01 $aeja 247C/01 $82080>Marburg/Lahn, Herder-Institut, Forschungsbibliothek, Bibliographieportal $9336309341
| LEADER | 00000cam a2200000 c 4500 | ||
|---|---|---|---|
| 001 | 344808351 | ||
| 003 | DE-603 | ||
| 005 | 20240624124745.0 | ||
| 007 | tu | ||
| 008 | 140814s2014 xx |||| | u00||u|ger | ||
| 015 | |a 14,A33 |2 dnb | ||
| 016 | 7 | |2 DE-101 |a 1054672768 | |
| 020 | |a 9783944289656 |c Pp. : EUR 19.95 (DE), EUR 20.60 (AT), sfr 28.50 (freier Pr.) | ||
| 024 | 3 | |a 9783944289656 | |
| 035 | |a (DE-599)DNB1054672768 | ||
| 035 | |a (OCoLC)887872208 | ||
| 040 | |a DE-603 |b ger |c DE-603 |d DE-603 | ||
| 041 | |a ger | ||
| 082 | 0 | 4 | |8 1\u |a 943.816033 |q DE-101 |2 22/ger |
| 084 | |a 940 |q DE-101 |2 sdnb | ||
| 085 | |8 1\u |b 943.8033 | ||
| 085 | |8 1\u |z 2 |s 43816 | ||
| 090 | |a b | ||
| 100 | 1 | |a Deecke, Wilhelm |d 1862-1934 |e Verfasser |4 aut |0 (DE-603)150064071 |0 (DE-588)116050519 |2 gnd | |
| 245 | 0 | 0 | |a Landeskunde der Provinz Pommern |c von W. Deecke |
| 250 | |a [Nachdruck] der Original-Ausgabe Leipzig, Göschen, 1912 | ||
| 264 | 1 | |a Wolfenbüttel |b Melchior, Historischer Verlag |c 2014 | |
| 300 | |a 176 Seiten |b Illustrationen, Karten |c 22 cm |e 3 Karten-Beilagen ([6] Seiten) | ||
| 336 | |a Text |b txt |2 rdacontent | ||
| 337 | |a ohne Hilfsmittel zu benutzen |b n |2 rdamedia | ||
| 338 | |a Band |b nc |2 rdacarrier | ||
| 490 | 0 | |a Geographische Bibliothek | |
| 648 | 7 | |a Geschichte 1912 |2 gnd | |
| 651 | 7 | |a Pommern |0 (DE-588)4046744-2 |0 (DE-603)085130354 |2 gnd | |
| 856 | 4 | 2 | |m B:DE-101 |q application/pdf |u http://d-nb.info/1054672768/04 |3 Inhaltsverzeichnis |
| 856 | 4 | 2 | |m X:MVB |q text/html |u http://deposit.dnb.de/cgi-bin/dokserv?id=4738713&prov=M&dok_var=1&dok_ext=htm |3 Inhaltstext |
| 924 | 0 | |9 30 |a (DE-603)739068733 |b DE-30 |c HES |d c |g 90.348.46 | |
| 924 | 0 | |9 2080 |a (DE-603)1055519718 |b DE-2080 |c HES |d d |g / | |


